Central Library and Information Centre
Sibsagar Girls' College, Sivasagar : Assam

ASOMIYA NATYA SAHITYA (Record no. 1173)

MARC details
000 -LEADER
fixed length control field 00433cam a2200181ua 4500
008 - FIXED-LENGTH DATA ELEMENTS--GENERAL INFORMATION
fixed length control field 120731n1965 II |||gr||||Z||||||asm
040 ## - CATALOGING SOURCE
Original cataloging agency MAIN
041 ## - LANGUAGE CODE
-- English
082 ## - DEWEY DECIMAL CLASSIFICATION NUMBER
Classification number 891.49209 SHA
100 ## - MAIN ENTRY--PERSONAL NAME
Personal name SHARMA, SATYENDRANATH
245 ## - TITLE STATEMENT
Title ASOMIYA NATYA SAHITYA
250 ## - EDITION STATEMENT
Edition statement 2nd----1965.
260 ## - PUBLICATION, DISTRIBUTION, ETC.
Place of publication, distribution, etc. GUWAHATI
Name of publisher, distributor, etc. NEW BOOK STALL
Date of publication, distribution, etc. 1965
300 ## - PHYSICAL DESCRIPTION
Extent 387:
Dimensions 20CM.
942 ## - ADDED ENTRY ELEMENTS (KOHA)
Koha item type Books
653 ## - INDEX TERM--UNCONTROLLED
Uncontrolled term Asomiya Natya Sahitya
Holdings
Withdrawn status Lost status Damaged status Not for loan Collection code Home library Current library Shelving location Date acquired Full call number Barcode Date last seen Copy number Price effective from Koha item type Public note Source of classification or shelving scheme
        TBASM Central Library and Information Centre Sibsagar Girls College Central Library and Information Centre Sibsagar Girls College Biography 07.04.1968 891.49209 SHA 01290 27.02.2020 2 27.02.2020 Books V  
        TBASM Central Library and Information Centre Sibsagar Girls College Central Library and Information Centre Sibsagar Girls College Biography 19.04.1967 891.49209 SHA 00635 21.10.2022   21.10.2022 Books V Dewey Decimal Classification


Sibsagar Girl's College © 2020. All rights reserved.
Powered by Koha.
Maintained by Abhijit Borpuzari.